MARC details
| 000 -LEADER |
| fixed length control field |
00746nam a22002177a 4500 |
| 003 - CONTROL NUMBER IDENTIFIER |
| control field |
OSt |
| 005 - DATE AND TIME OF LATEST TRANSACTION |
| control field |
20260303055636.0 |
| 008 - FIXED-LENGTH DATA ELEMENTS--GENERAL INFORMATION |
| fixed length control field |
260129b |||||||| |||| 00| 0 eng d |
| 020 ## - INTERNATIONAL STANDARD BOOK NUMBER |
| International Standard Book Number |
978-1-4075-0567-1 |
| 040 ## - CATALOGING SOURCE |
| Original cataloging agency |
DWCL-Main Lib |
| Transcribing agency |
OC |
| 082 ## - DEWEY DECIMAL CLASSIFICATION NUMBER |
| Classification number |
GR. 720.9 H711 2007 |
| 100 ## - MAIN ENTRY--PERSONAL NAME |
| Personal name |
HOFFMAN, MICHAEL / ALEXANDER KRINGS |
| Relator term |
Authors |
| 245 ## - TITLE STATEMENT |
| Title |
100 wonders of the world |
| 260 ## - PUBLICATION, DISTRIBUTION, ETC. |
| Place of publication, distribution, etc. |
Bath : Paragon : Richmond, Va. : |
| Name of publisher, distributor, etc. |
Paragon Books, APE Int'l, |
| Date of publication, distribution, etc. |
c 2007 |
| 300 ## - PHYSICAL DESCRIPTION |
| Extent |
240 p. : |
| Other physical details |
ill., (chiefly col.), maps : |
| Dimensions |
32 cm |
| 650 ## - SUBJECT ADDED ENTRY--TOPICAL TERM |
| Topical term or geographic name entry element |
Curiosities and wonders - Pictorial works. |
| 650 ## - SUBJECT ADDED ENTRY--TOPICAL TERM |
| Topical term or geographic name entry element |
Historic building - Pictorial works. |
| 650 ## - SUBJECT ADDED ENTRY--TOPICAL TERM |
| Topical term or geographic name entry element |
Historic sites - Pictorial works. |
| 650 ## - SUBJECT ADDED ENTRY--TOPICAL TERM |
| Topical term or geographic name entry element |
Nature - Pictorial works. |
| 942 ## - ADDED ENTRY ELEMENTS (KOHA) |
| Source of classification or shelving scheme |
Dewey Decimal Classification |
| Koha item type |
General Reference |
| Call number suffix |
GR. |
| Suppress in OPAC |
No |
| 952 ## - LOCATION AND ITEM INFORMATION (KOHA) |
| -- |
|
| 952 ## - LOCATION AND ITEM INFORMATION (KOHA) |
| -- |
|